00317nam a22001097a 4500020001500000040001200015082001500027100004400042245005300086260005600139300001200195 a9332551812 cMSOHAIL a551.5bLUT a Frederick K Lutgens ; Edward J Tarbuck aThe Atmosphere : An Introduction to Meteorology  aIndiabDorling Kindesley Pearson Education; cc2015 a562'pxv